000 00718nam a2200205Ia 4500
003 GCL
008 140319s9999 xx 000 0 ara d
040 _aGCL /
_cGCL
082 0 4 _a029
_bم ت
100 1 _aمحمد ابراهيم السيد
245 1 0 _aتنظيم الوثائق نظم التكشيف والاختزان والاسترجاع الهجائى /
_cمحمد ابراهيم السيد
260 _a[S.N] :
_bدار الثقافة للنشر والتوزيع ،
_c1993
300 _a198 ص
490 _aسلسلة الارشيف والمعلومات
_v0
650 0 4 _aالوثائق
650 0 4 _aالفهرسة
650 0 4 _aالمكتبات
650 0 4 _aحفظ وترتيب
942 _2ddc
_cBK
999 _c36355
_d36355